000 00626nam a2200217Ia 4500
003 OSt
005 20221007082130.0
006 a|||||r|||| 00| 0
007 ta
008 221006b |||||||| |||| 00| 0 eng d
024 _a25,839
037 _cTextual
040 _aFLL
_cFLL
_beng
041 _2eng
_aeng
082 _aZ1:C265qN07, E5
245 0 _aHague convention (VII) of 1907 relating to the conversion of merchant ships into war-ships
260 _aWashington
_bThe Endowment U.S.A.
_c1915
300 _aiv,1-5p
_ccm.
942 _hZ1:C265qN07, E5
_cTEXL
_2CC
999 _c1165420
_d1165420